00918nam a22002537a 450000500170000000800410001702000270005804000090008504100120009408200180010610000290012424500810015326000520023430000070028665000530029370000300034670000370037670000290041370000350044270000380047794200070051599900170052295201250053920260523125241.0260523b |||||||| |||| 00| 0 eng d a9789360289522c1250.00 aMAIN aEnglish a294.5921bRAN aRana, J.M.S. (ed)926889 aHarmony Wisdom b: Exploring the Parallels Between Modern Science And Vedas  aDehradunbBishan Singh Mahindra Pal Singhc2025 a96 aUttarakhand Collection : Himalaya Collection913 aSaxena, Abhay (ed)926890 aNautiyal, Om Prakash (ed)926882 aRawat, Anita (ed)926881 aYadav, Bhanu Priya (ed)926891 aPatel, Chandrashekhar (ed)926892 cBK c60866d60866 00102ddc406294_592100000000000_RAN70994073aMAINbMAINd2026-05-23o294.5921 RANp53956r2026-05-23w2026-05-23yBK